000 01189nam a22002775a 4500
003 OSt
005 20170129110325.0
008 160922s2012 ua frb 000 0 ara d
015 _22009 / 24608
020 _a9789770463268
040 _aEG-ScBUE
_bara
_cEG-ScBUE
_dEG-ScBUE
043 _af-ua---
082 0 4 _a344.62094
_bس ن د
_222
100 1 _aسند، حسن سعد.
245 1 0 _aحماية واسترداد الآثار المصرية في ضوء المعاهدات الدولية :
_bخطوة للأمام نحو استرداد الآثار المصرية /
_cإعداد حسن سعد سند، معمر رتيب محمد عبد الحافظ.
260 _aالقاهرة :
_bدار النهضة العربية،
_c2012.
300 _a172 ص. ؛
_c24 سم.
504 _aيشتمل على إرجاعات ببليوجرافية.
650 7 _aسرقة الآثار
_zمصر.
_2BUEsh
650 7 _aالآثار
_xقوانين وتشريعات
_zمصر.
_2BUEsh
650 7 _aالآثار الفرعونية
_xحماية
_zمصر.
_2BUEsh
_940949
651 _2BUEsh
653 _bLLAAWW
_cJanuary2017
700 1 _aعبد الحافظ، معمر رتيب محمد.
942 _2ddc
999 _c24009
_d23981